000 00675nam a2200181Ia 4500
008 090123s9999 xx 000 0 und d
082 _b37963
100 _aनवरे अरविंद निळकंठ
245 _aझलक अमेरिकन जीवनाची
250 _a1
260 _bस्नेहवर्धन प्रकाशन
_c2005
300 _a100
600 _aनवरे अरविंद निळकंठ
630 _aझलक अमेरिकन जीवनाची
700 _aनवरे अरविंद निळकंठ
730 _aझलक अमेरिकन जीवनाची
942 _cBOOK
999 _c76031
_d76031